JR路線シルエットクイズ(西日本編) - Statistics

General Stats
  • This quiz has been taken 26 times
  • The average score is 8 of 40
Answer Stats
Picture Answer % Correct
大阪環状線
88%
紀勢本線(きのくに線)
79%
松浦線(西九州線)
63%
長崎本線
50%
小野田線
46%
片町線(学研都市線)
38%
境線
38%
筑肥線
38%
関西空港線
25%
井原線
21%
博多南線
21%
日南線
21%
芸備線
21%
中村線(四万十くろしおライン)
17%
高徳本線
17%
姫新線
17%
土讃本線
17%
本四備讃線(瀬戸大橋線)
17%
可部線
17%
宮崎空港線
17%
東西線
17%
久大本線(ゆふ高原線)
17%
宮津線
13%
美祢線
13%
鹿児島本線
13%
智頭線
8%
宇野線(宇野みなと線)
8%
内子線
8%
筑豊本線(福北ゆたか線)
8%
三角線(あまくさみすみ線)
4%
香椎線(海の中道線)
4%
若桜線
4%
名松線
4%
赤穂線
4%
阿佐東線(阿波室戸シーサイドライン)
4%
田川線
4%
高森線
4%
甘木線
4%
おおさか東線
4%
岩日線(錦川清流線)
4%
No matching quizzes found
Score Distribution
Percent of People with Each Score
Percentile by Number Answered
Your Score History
You have not taken this quiz